Di tích cát tiên Lâm Đồng : Lịch sử và văn hóa

Vài nét về địa lí cảnh quan, lịch sử vùng đất. Những khám phá di tích Cát Tiên. Giá trị văn hoá, lịch sử của di tích

Tallennettuna:
Bibliografiset tiedot
Päätekijä: Lê, Đình Phụng
Aineistotyyppi: Kirja
Kieli:Undetermined
Julkaistu: Hà Nội Khoa học - Xã hội 2006
Aiheet:
Tagit: Lisää tagi
Ei tageja, Lisää ensimmäinen tagi!
Thư viện lưu trữ: Trung tâm Học liệu Trường Đại học Cần Thơ
LEADER 00859nam a2200229Ia 4500
001 CTU_133232
008 210402s9999 xx 000 0 und d
020 |c 43000 
082 |a 930.1 
082 |b Ph513 
100 |a Lê, Đình Phụng 
245 0 |a Di tích cát tiên Lâm Đồng : 
245 0 |b Lịch sử và văn hóa 
245 0 |c Lê Đình Phụng 
260 |a Hà Nội 
260 |b Khoa học - Xã hội 
260 |c 2006 
520 |a Vài nét về địa lí cảnh quan, lịch sử vùng đất. Những khám phá di tích Cát Tiên. Giá trị văn hoá, lịch sử của di tích 
650 |a Archaeology,Vietnam,Khảo cổ học,Việt Nam 
650 |x Antiquities,Di tích cổ 
904 |i Trọng Hải 
980 |a Trung tâm Học liệu Trường Đại học Cần Thơ